000 00311nam a22001457a 4500
008 210521b ||||| |||| 00| 0 eng d
020 _a1573223085
041 _aeng
080 _a159.9
082 _a159.9
100 _a48
101 _aPSI
245 _aA Whole new Mind
_cDaniel H. Pink
942 _2udc
_cBK
999 _c57584
_d57584